| 000 | 00428pab a2200157 454500 | ||
|---|---|---|---|
| 008 | 180718b2006 xxu||||| |||| 00| 0 eng d | ||
| 100 | _aSharma, Renu | ||
| 245 | _aImpact of educational level on student's modernity: an exploratory sociological profile | ||
| 260 | _c2006 | ||
| 300 | _ap.140-50. | ||
| 362 | _aApr | ||
| 650 | _aStudents | ||
| 650 | _aEducation | ||
| 773 | _aGuru Nanak Journal of Sociology | ||
| 909 | _a70537 | ||
| 999 |
_c70537 _d70537 |
||